| 000 | 00544nam a2200181 a 4500 | ||
|---|---|---|---|
| 005 | 20140412111241.0 | ||
| 008 | 000831s19uu xx 00 eng d | ||
| 020 | _a0-201-19323-X | ||
| 050 |
_aBB _bLi727 1989 |
||
| 245 |
_aThe Little red hen, level b / _cAddison-Wesley. |
||
| 260 |
_aReading, Massachusetts : _bAddison-Wesley Publishing Company, _c1989. |
||
| 300 | _a16 p. | ||
| 440 | _aAddison-Wesley | ||
| 500 | _aIllustrated in big pictures | ||
| 650 |
_aChicken stories-Fiction _xHen |
||
| 650 | _aChildren stories | ||
| 999 |
_c102734 _d102734 |
||